000 01782cam a22003134a 4500
001 3138
005 20250814144150.0
020 _a9780545461351
040 _aDLC
_cDLC
_dDLC
_beng
050 0 0 _aNK845.O2
082 0 0 _a701.85097274
100 1 _aWeill, Cynthia
245 1 0 _aColores de la vida :
_bMexican folk art colors in English and Spanish : folk art by artists from Oaxaca /
_cby Weill, Cynthia
246 3 0 _aMexican folk art colors in English and Spanish
246 3 0 _aFolk art by artists from Oaxaca
250 _aFirst Scholastic printing , September 2012
260 _aNew York :
_bScholastic ,
_c2011
300 _a26 unnumbered pages :
_bcolor illustrations ;
_c20 cm.
490 0 _aFirst concepts in Mexican folk art series ;
_v3
505 _aA
520 _a"Each page captures a sense of wonder, of the vibrancy of color, the imagination of the artist, the name of the hue. Colors take life in this small picture book, perfect for small hands, in an astonishing pairing of visual intimacy and artistic joy that make this one of the most distinctive recent books on color--in English or otherwise." --Papertigers.org This book truly did take a village of artists, scattered all around mountain villages in the beautiful state of Oaxaca. Fifteen in fact! Go to our website to see who carved what lovely animal. And, please, imagine the adventurous Cindy Weill traipsing from village to village in search of these wonderful artisans.
521 _a20
_bLexile
521 _aA
_bRaz-Plus
650 0 _aFolk art
_zMexico
_zOaxaca (State)
_vJuvenile literature.
650 0 _aColor in art
_vJuvenile literature.
650 0 _aColors, Words for
_vJuvenile literature.
906 _a7
_bcbc
_corignew
_d1
_eecip
_f20
_gy-gencatlg
942 _2ddc
_cBK
_n0
999 _c3138
_d3138